000 00565nam a2200205 a 4500
001 000022077
005 20200930011555.0
008 100916s1997 cl 000 f spa d
020 _a9562390160
040 _aDO-SdBNP
_bspa
_cBNPHU
082 _aCh863.44
_bD687j
100 1 _aDonoso, José,
_d1924-1996
_921513
245 1 3 _aEl Jardín de al lado /
_cJosé Donoso.
260 _aSantiago de Chile :
_bAlfaguara,
_c1997.
300 _a274 p. ;
_c22 cm.
650 4 _aNovela chilena
_93163
650 4 _aLiteratura chilena
_93164
910 _aWM
049 _aBNGR
999 _c21575
_d21575